000 00335nam a2200157Ia 4500
100 _aNone
650 _aElectrical Engineering
942 _cBK
654 _aSeamless Pipe & Tube Drawing
245 _aSeamless Pipe & Tube Drawing
260 _bE.I.T.B
082 _a621
_bITB
300 _a16
546 _aENGLISH
999 _c35406
_d35406